| 000 | 00629nam a2200181 i 4500 | ||
|---|---|---|---|
| 001 | 144260 | ||
| 003 | ES-MaACL | ||
| 005 | 20230906200958.0 | ||
| 007 | t| | ||
| 008 | 070214s1932 sp |||| | spa d | ||
| 100 | 1 |
_aSierra Corella, Antonio. _9106267 |
|
| 245 | 1 | 3 |
_aEl Archivo de San Marcos de León _b: algunos datos para la historia de la Orden Militar de Caballeros de Santiago / _cAntonio Sierra Corella. |
| 260 |
_aMadrid : _b[s.n.], _c1932 ( _fTip. Archivos) |
||
| 300 |
_a114 p. ; _c25 cm. |
||
| 610 | 2 | 4 |
_aOrden de Santiago. _9138599 |
| 610 | 2 | 4 |
_aIglesia de San Marcos (León) _9168316 |
| 852 |
_aES-MaACL _j1745-F-26 |
||
| 999 |
_c144260 _d144260 |
||